<?xml version="1.0" encoding="UTF-8"?>
<record
    xmlns:xsi="http://www.w3.org/2001/XMLSchema-instance"
    xsi:schemaLocation="http://www.loc.gov/MARC21/slim http://www.loc.gov/standards/marcxml/schema/MARC21slim.xsd"
    xmlns="http://www.loc.gov/MARC21/slim">

  <leader>01169nam a22001457a 4500</leader>
  <controlfield tag="008">181201b        xxu||||| |||| 00| 0 eng d</controlfield>
  <datafield tag="020" ind1=" " ind2=" ">
    <subfield code="a">9789968899291</subfield>
  </datafield>
  <datafield tag="082" ind1=" " ind2=" ">
    <subfield code="a">707.1</subfield>
    <subfield code="b">AR786a</subfield>
  </datafield>
  <datafield tag="100" ind1=" " ind2=" ">
    <subfield code="a">Roca, Jos&#xE9; et all. </subfield>
    <subfield code="9">6834</subfield>
  </datafield>
  <datafield tag="245" ind1=" " ind2=" ">
    <subfield code="a">Arte cr&#xED;tico y crisis del arte: situaciones art&#xED;sticas Latinoamericanas II</subfield>
  </datafield>
  <datafield tag="260" ind1=" " ind2=" ">
    <subfield code="a">San Jos&#xE9;, Costa Rica </subfield>
    <subfield code="b">TEOR/&#xE9;Tica</subfield>
    <subfield code="c">2008</subfield>
  </datafield>
  <datafield tag="300" ind1=" " ind2=" ">
    <subfield code="a">151 p. </subfield>
    <subfield code="b">ill (col) </subfield>
    <subfield code="c">29.7 x 21 cm</subfield>
  </datafield>
  <datafield tag="505" ind1=" " ind2=" ">
    <subfield code="t">Presentaci&#xF3;n</subfield>
    <subfield code="r">P&#xE9;rez-Ratton, Virginia</subfield>
    <subfield code="t">Nacionalismo cr&#xED;tico: s&#xED;mbolos de naci&#xF3;n en el arte contempor&#xE1;neo colombiano</subfield>
    <subfield code="r">Roca, Jos&#xE9;</subfield>
    <subfield code="t">Cr&#xF3;nica del arte en tiempos de regeneraci&#xF3;n urbana: el caso Guayaquil</subfield>
    <subfield code="r">Kronfle Chambers, Rodolfo</subfield>
    <subfield code="t">Breves provocaciones estrat&#xE9;gicas</subfield>
    <subfield code="r">Hern&#xE1;ndez, Orlando</subfield>
    <subfield code="t">La mala educaci&#xF3;n de los museos</subfield>
    <subfield code="r">Blondet, Jos&#xE9; Luis</subfield>
    <subfield code="t">El conflictivo mundo de los reclamos &#xE9;ticos. A prop&#xF3;sito de un texto de Cuauht&#xE9;moc Medina</subfield>
    <subfield code="r">&#xC1;lvarez, Lupe</subfield>
    <subfield code="t">Arte cr&#xED;tico y crisis del arte: una memoria ap&#xF3;crifa</subfield>
    <subfield code="r">D&#xED;az Bringas, Tamara</subfield>
    <subfield code="t">English Texts</subfield>
    <subfield code="t">Participantes</subfield>
    <subfield code="t">Programa</subfield>
  </datafield>
  <datafield tag="650" ind1=" " ind2=" ">
    <subfield code="2">Arte contempor&#xE1;neo</subfield>
    <subfield code="v">Arte - cr&#xED;tica e interpretaci&#xF3;n </subfield>
    <subfield code="x">Arte - cr&#xED;tica e interpretaci&#xF3;n </subfield>
    <subfield code="x">Arte - seminario internacional</subfield>
    <subfield code="z">Arte latinoamericano</subfield>
    <subfield code="9">6835</subfield>
  </datafield>
  <datafield tag="999" ind1=" " ind2=" ">
    <subfield code="c">1693</subfield>
    <subfield code="d">1693</subfield>
  </datafield>
  <datafield tag="952" ind1=" " ind2=" ">
    <subfield code="0">0</subfield>
    <subfield code="1">0</subfield>
    <subfield code="2">ddc</subfield>
    <subfield code="4">0</subfield>
    <subfield code="7">0</subfield>
    <subfield code="a">LV</subfield>
    <subfield code="b">LV</subfield>
    <subfield code="c">Colecci&#xF3;n Teor&#xE9;tica</subfield>
    <subfield code="d">2018-12-01</subfield>
    <subfield code="l">0</subfield>
    <subfield code="o">707.1 AR786a</subfield>
    <subfield code="p">002111</subfield>
    <subfield code="r">2018-12-01 00:00:00</subfield>
    <subfield code="w">2018-12-01</subfield>
    <subfield code="y">01</subfield>
  </datafield>
  <datafield tag="952" ind1=" " ind2=" ">
    <subfield code="0">0</subfield>
    <subfield code="1">0</subfield>
    <subfield code="2">ddc</subfield>
    <subfield code="4">0</subfield>
    <subfield code="7">0</subfield>
    <subfield code="a">LV</subfield>
    <subfield code="b">LV</subfield>
    <subfield code="c">Colecci&#xF3;n Teor&#xE9;tica</subfield>
    <subfield code="d">2018-12-01</subfield>
    <subfield code="l">0</subfield>
    <subfield code="o">707.1 AR786a</subfield>
    <subfield code="p">002159</subfield>
    <subfield code="r">2018-12-01 00:00:00</subfield>
    <subfield code="w">2018-12-01</subfield>
    <subfield code="y">01</subfield>
  </datafield>
</record>
